00664nam a22001937a 450000500170000001000150001702000260003203500140005803700130007208200120008510000290009724501470012625000120027326000360028527000660032130000270038750000360041470000200045020190330112037.0 aENG-124960 c495.00a9788178243641 aEN-108492 bDBAD/PUB a499.558 aRani Siva Sankara Sarma  aThe last brahmin:cby Rani Siva Sankara Sarma; translated from the Telugu by D.Vankat Raoblife and reflections of modern-day sanskrit pandit/ a2nd ed. aRanikhetbPermanent Blackc2017 a'Himalayana', Mall Road,667,Ranikhet Cantt,bRanikhete263645 avii,197p. c21cm (pbk) aIt includes select bibliography aRao, D. Vankat